Finalistes de la Coupe du Monde de foot - Statistiques

Statistiques générales
  • Ce quiz a été pris 323 fois
  • Le résultat moyen est 41 sur 44
Statistiques - réponses
Année Score Pays finaliste % Correct
1998 3 France
100%
2006 1 (3) France
100%
2018 4 France
100%
2022 3 (2) France
100%
1954 3 Allemagne
99%
1966 2 ap Allemagne
99%
1974 2 Allemagne
99%
1982 1 Allemagne
99%
1986 2 Allemagne
99%
1990 1 Allemagne
99%
2002 0 Allemagne
99%
2014 1 Allemagne
99%
1930 2 Argentine
99%
1978 3 ap Argentine
99%
1986 3 Argentine
99%
1990 0 Argentine
99%
2014 0 Argentine
99%
2022 3 (4) Argentine
99%
2010 1 Espagne
99%
1934 2 ap Italie
98%
1938 4 Italie
98%
1970 1 Italie
98%
1982 3 Italie
98%
1994 0 (2) Italie
98%
2006 1 (5) Italie
98%
1950 1 Brésil
97%
1958 5 Brésil
97%
1962 3 Brésil
97%
1970 4 Brésil
97%
1994 0 (3) Brésil
97%
1998 0 Brésil
97%
2002 2 Brésil
97%
2018 2 Croatie
96%
1930 4 Uruguay
95%
1950 2 Uruguay
95%
1966 4 ap Angleterre
93%
1974 1 Pays-Bas
89%
1978 1 ap Pays-Bas
89%
2010 0 Pays-Bas
89%
1958 2 Suède
65%
1938 2 Hongrie
59%
1954 2 Hongrie
59%
1934 1 ap Tchécoslovaquie
52%
1962 1 Tchécoslovaquie
52%
Aucun quiz correspondant
Distribution des résultats
% des personnes avec chaque résultat
Percentile par nombre de réponses
Votre historique - résultats
Vous n’avez pas pris ce quiz